Представление документа в формате RUSMARC

ПолеНазваниеЗначение
  Тип записи a
  Библиографический уровень m
001 Контрольный номер 94417fcd004d432391e0d8f6668adb21
005 Дата корректировки 20201206205151.9
010 Индекс ISBN __
a ISBN 978-5-699-84430-2 (в пер.)
d Цена 226-60, 2000 экз.
100 Данные общей обработки __
a Данные общей обработки 19181205d2015||||||| 0rusy0189 ca
101 Язык документа 1_
a Язык текста rus
c Язык оригинала eng
102 Страна публикации __
a Страна публикации RU|
102 Страна публикации __
a Страна публикации RU
105 Кодированные данные (монография) __
a Кодированные данные (монография) #||||||||00zy
200 Заглавие и сведения об ответственности 1_
a Заглавие Загадка лондонского мясника
f Первые сведения об ответственности Тони Парсонс ; [перевод с английского С. Першиной]
b Общее обозначение материала Текст
210 Выходные данные __
a Место издания Москва
c Издательство Э
d Дата издания 2015
215 Физическое описание __
a Объем 347, [1] с.
d Формат 20 см
225 Серия __
a Серия Мировой бестселлер. Детектив
300 Общие примечания __
a Общие примечания Murder Bag
330 Аннотация __
a Аннотация Лондон сотрясает серия загадочных и жестоких преступлений: неизвестный зверски расправляется с мужчинами. Город объят страхом, а серийный маньяк, получивший кличку Мясник, продолжает свое кровавое шествие. Но так ли случайны его жертвы? За расследование берется Макс Вулф. Детектив идет по следу убийцы и обнаруживает, что есть тайны, способные напугать даже опытного полицейского. Чем ближе Макс подбирается к преступнику, тем быстрее понимает – бороться придется не только за справедливость, но и за свою жизнь.
333 Примечание о целевом назначении __
a Примечание о целевом назначении 18+. Запрещено для детей
606 Тематические рубрики __
a Основная рубрика Художественная литература
606 Тематические рубрики __
a Основная рубрика Литература Европы (произведения)
y Географическая подрубрика Англия
y Географическая подрубрика Великобритания
610 Ключевые слова __
a Ключевые слова английская литература
610 Ключевые слова __
a Ключевые слова зарубежная литература
610 Ключевые слова __
a Ключевые слова романы
610 Ключевые слова __
a Ключевые слова тема преступлений
610 Ключевые слова __
a Ключевые слова тема расследований
610 Ключевые слова __
a Ключевые слова тема убийств
610 Ключевые слова __
a Ключевые слова тема убийц
610 Ключевые слова __
a Ключевые слова тема маньяков
610 Ключевые слова __
a Ключевые слова детективные романы
686 Индексы других классификаций __
2 Код системы rubbks
a Классификационный индекс 84(4Вел)6-445; ст84(4Вел)-4
700 Автор _1
a Фамилия Парсонс
b Имя Т.
f Даты 1953-
g Полное личное имя Тони
4 Код отношения 070
702 Вторичная интеллектуальная ответственность _1
a Фамилия Першина
b Имя С.
4 Код отношения Переводчик
4 Код отношения 730
801 Источник записи _0
a Страна RU
b Организация Муниципальное бюджетное учреждение культуры "Централизованная библиотечная система" г. Сургут (Центральная городская библиотека им. А. С. Пушкина)
c Дата составления 20181205
g Правила каталогизации PSBO
801 Источник записи _1
a Страна RU
b Организация Муниципальное бюджетное учреждение культуры "Централизованная библиотечная система" г. Сургут (Центральная городская библиотека им. А. С. Пушкина)
c Дата составления 20181205
g Правила каталогизации PSBO
852 Данные о местонахождении __
j Шифр хранения 84(4Вел)6-445
i Авторский знак П 18
901 Тип документа __
t Тип документа m
a Ответственный ООФиК/Волкова
903 Характеристики (МАРС) __
a Дата передачи 20181205
990 Данные о заказе (DOS) __
j Количество экземпляров (DOS) 6
t N записи в КСУ для И/У (DOS) 201811